| 000 | 00557nam a22001817a 4500 | ||
|---|---|---|---|
| 005 | 20231108122341.0 | ||
| 010 | _aENG -138283 | ||
| 020 |
_a9789384294700 _c975.00 |
||
| 035 | _aEN-121815 | ||
| 037 | _bDBAD/PUB | ||
| 082 |
_a547 _21 |
||
| 100 |
_aKar Ratan Kumar _958335 |
||
| 245 |
_aName Reactions and Rearragements in Organic Chemistry _cRatan Kumar Kar _hEnglish |
||
| 260 |
_aKolkata _bArunabha Sen _c2016 |
||
| 270 |
_a8/1Chintamoni Dash Lane, _bKolkata _e700009 |
||
| 300 |
_a1209p. _c26cm pbk |
||
| 942 |
_cEN _2ddc _h547 _mKAR |
||
| 999 |
_c198818 _d198818 |
||